000
00306nam a22001337a 4500
008
180823b xxu||||| |||| 00| 0 eng d
020
_a
9781416030256
041
_a
eng
080
_2
6 ED
_a
615
100
_a
5
101
_a
FAR
245
_a
PHARMACOLOGY FOR NURSING CARE
_c
LEHNE.R.A
942
_2
udc
_c
BK
999
_c
47271
_d
47271